ბათუმის შოთა რუსთაველის სახელმწიფო უნივერსიტეტის ბიბლიოთეკა

ანთროპოცენტრიზმი და კომუნიკაციური ლინგვისტიკა: თეორიული სინტეზი (ბიბ.ჩანაწერი № 53423)

000 -LEADER
fixed length control field 01056nam a2200229Ia 4500
001 - CONTROL NUMBER
control field 20466
003 - CONTROL NUMBER IDENTIFIER
control field GE_BSU
008 - FIXED-LENGTH DATA ELEMENTS--GENERAL INFORMATION
fixed length control field 181216s||||||||xx |||||||||||||| ||und||
040 ## - CATALOGING SOURCE
Transcribing agency GE_BSU
080 ## - UNIVERSAL DECIMAL CLASSIFICATION NUMBER
Universal Decimal Classification number 81
100 ## - MAIN ENTRY--PERSONAL NAME
Personal name ლებანიძე, გურამ
245 ## - TITLE STATEMENT
Title ანთროპოცენტრიზმი და კომუნიკაციური ლინგვისტიკა: თეორიული სინტეზი
250 ## - EDITION STATEMENT
Edition statement თბილისის ილია ჭავჭავაძის სახ. დასვლურ ენათა და კულტურათა სახ. ინ-ტი
260 ## - PUBLICATION, DISTRIBUTION, ETC.
Place of publication, distribution, etc. თბილისი
260 ## - PUBLICATION, DISTRIBUTION, ETC.
Name of publisher, distributor, etc. ენა და კულტურა
260 ## - PUBLICATION, DISTRIBUTION, ETC.
Date of publication, distribution, etc. 1998
300 ## - PHYSICAL DESCRIPTION
Extent 174გვ.
653 ## - INDEX TERM--UNCONTROLLED
Uncontrolled term ანთროპოცენტრიზმი და კომუნიკაციური ლინგვისტიკა: თეორიული სინტეზი
653 ## - INDEX TERM--UNCONTROLLED
Uncontrolled term ქსეროქსი
942 ## - ADDED ENTRY ELEMENTS (KOHA)
Koha item type წიგნი
ეგზემპლარები
Withdrawn status Lost status Damaged status Not for loan Date acquired Barcode Date last seen Price effective from Koha item type Public note
        2018-12-17 00470 ქსერ. 2018-12-17 2018-12-17 წიგნი ქსეროქსი